Countries Starting With Y - Sudden Death - Statistics

General Stats
  • This quiz has been taken 66 times
  • The average score is 5 of 6
Answers on the Grid
Answers color-coded by a green-red scale on the quiz's grid according to % correct below.
Yimen
Yemin
Yemen
Yemein
Yeme n
Y emen
Yemen
Yemun
Yemen
Yumun
Yamen
Yaman
Yeman
Yemen
Yemean
Yomon
Yiumen
Yemen
Yeuimen
Yemn
Ymen
Ymn
Yeamean
Vemen
Yemen
 
Answer Stats
Answer % Correct
Yemen
90%
Yemen
80%
Yemen
78%
Yemen
76%
Yemen
71%
Yemen
69%
No matching quizzes found
Score Distribution
Percent of People with Each Score
Percentile by Number Answered
Your Score History
You have not taken this quiz